000 00553nam a2200229 a 4500
001 nice12345678
003 IN_TiNIC
005 20260116011520.0
008 050524s1907 leia grp 000 0 ara
020 _a
_c100
082 0 0 _a915
_bJUB
100 _aJubayr, Ibn
245 _aTravel of the Jubayr
260 _aLeiden
_bBrill
_c1907
300 _a363p
500 _aincludes index and biblioraphy
505 2 _aIndex, Memorial Edition
650 _aIbn-Jubayr Description and Travel
902 _bSRS
942 _cBK
999 _c2217
_d2217